00875nam a2200277Ia 450000500170000000800270001702000180004410000190006224500760008125000170015730000260017460000490020065000280024965000270027765000280030465000290033270000430036194200150040426400290041933600270044833700330047533800280050804000350053608400110057199900150058220220317000410.0141031s9999 ck 000 0 spa d a97884927024971 aPeacock, Shane13aEl ojo del cuervo cShane Peacock ; traducción de Maia Figueroa Evans a1a edición a346 páginasc24 cm.14aHolmes, Sherlock (Personaje ficticio)914952142LEMBaNovela canadience142LEMBaMisteriovNovela142LEMBaAsesinatovNovela142LEMBaDetectivesvNovela1 aFigueroa Evans, Maiaetraductor914956 2loccBKLIT aMadrid bAlmadrabac2010 atextobtxt2rdacontent asin mediaciónbn2rdamedia avolumenbnc2rdacarrier aCO-BoRNBPbspaerdacCO-BoRNBP aN PEA2 c3929d3929